000 00627nam a2200229Ia 4500
003 OSt
005 20220928114138.0
006 a|||||r|||| 00| 0
007 ta
008 220927b |||||||| |||| 00| 0 eng d
024 _a40298
037 _cTextual
040 _aSDCL
_cSDCL
_beng
041 _2eng
_aeng
082 _aX62:75:(Z2), L1
100 _aSinghvi L M Ed.
_9396653
245 0 _aBank nationalization and the supreme court judgment.
260 _aDelhi
_bNational
_c1971
300 _aviii,274p
_ccm.
942 _hX62:75:(Z2), L1
_cTEXL
_2CC
999 _c753117
_d753117